000 00939nas a2200313 4500
001 BR2018000346
003 BR-BrBNA
005 20231205131229.0
007 ta
008 230509b bl.|||p| |||| 00| 00por d
040 _aBR-BrBNA
_bpor
_cBiblioteca Nacional de Agricultura
041 _a(Pt)
072 _aH20
100 1 _aPaula Júnior, T.J. de
100 1 _aPomella, A.W.V.
100 1 _aSilva, J.M.
100 1 _aVieira, R.F.
100 1 _aMorandi, M.A.B.
100 1 _aTeixeira, H.
245 1 _aControle biológico de doenças do feijoeiro
650 _aFEIJÃO
650 _aDOENÇA DE PLANTA
650 _aPATÓGENO
650 _aANTAGONISMO
650 _aCONTROLE BIOLÓGICO
773 0 _tInforme Agropecuário - Empresa de Pesquisa Agropecuária de Minas Gerais (Brazil)
_xISSN 0100-3364
_g(2017), v. 38(298) p. 52-60
_wBR2018000346
909 _a202311
_bLúcia
_c55
_dLúcia Elande
942 _2AGRIS
_n0
_cANA
999 _c253688
_d253688